| 000 | 00370nam a2200145Ia 4500 | ||
|---|---|---|---|
| 005 | 20251222153553.0 | ||
| 008 | 251222s9999||||xx |||||||||||||| ||spa|| | ||
| 020 | _a9786034002692 | ||
| 082 | _a345.05/M44 | ||
| 100 | _aMesinas Montero, Federico G. | ||
| 245 | 0 | _aEl Proceso Penal en su Jurisprudencia | |
| 250 | _a1ra.ed. | ||
| 264 | _bGaceta JurÃdica | ||
| 942 | _cLIB | ||
| 999 |
_c30913 _d30913 |
||